000 01619camaa2200397 i 4500
003 EG-GiCUC
005 20251206143719.0
008 131002s2000 ua a jr 000 0 ara d
017 _a2000 / 4692
_bدار الكتب والوثائق القومية (مصر)
020 _a9770259802
040 _aEG-GiCUC
_bara
_cEG-GiCUC
082 0 4 _221
_a189
_bK459k
092 0 4 _a189
_bK459k
_221
099 _a189 K459k
100 1 _aالخولى، يمنى طريف
245 1 0 _aأمين الخولى والأبعاد الفلسفية للتجديد /
_cدكتورة يمنى طريف الخولى
264 _aالقاهرة(مصر) :
_bدار المعارف،
_c2000.
300 _aصفحة 134 :
_bايضاحيات ؛
_c17 سم
336 _2rdacontent
_atext
337 _2rdamedia
_aUnmediated
338 _2rdacarrier
_avolume
490 _aاقرأ ؛
_v652
500 _aالنسخة رقم (174454) اهداء د. جابر عصفور سنة 2024
504 _aيشتمل على ارجاعات ببليوجرافية : ص120-132
541 _cاهداء ؛
_aد. يمنى الخولى ؛
_bالقاهرة ؛
_d2011
541 _cاهداء ؛
_aد. جابر عصفور ؛
_bالقاهرة ؛
_d2024.
600 1 0 _aالخولى، امين
650 1 7 _aالادباء العرب
_2qrmak
_vتراجم
_zمصر
650 7 _aالادباء المصريون
_vتراجم
_2qrmak
650 1 7 _aالعلمانية
_2qrmak
650 1 7 _aالفلسفة الإسلامية
_2qrmak
905 _aابراهيم
_eمراجع
905 _aAya
905 _aرضا
_eمدخل
942 _2ddc
_cBK
_e21
_n0
999 _c130369
_d130369